| 000 | 00404nam a22001457a 4500 | ||
|---|---|---|---|
| 005 | 20250127142130.0 | ||
| 008 | 250127b |||||||| |||| 00| 0 eng d | ||
| 020 | _a9789386374837 | ||
| 082 |
_a343.08 _bNAI |
||
| 100 | _aNaik, S A. | ||
| 245 | _aEconomic and social dimensions of Indian competition law jurisprudence | ||
| 260 |
_aGurgaon _bThomson Reuters _c2019 |
||
| 300 | _aliii, 1040 | ||
| 942 | _cLL | ||
| 999 |
_c297850 _d297850 |
||